• 首页
  • 本馆介绍
  • 公告通知
  • 最新文献
  • 馆藏检索
  • 电子资源
  • 读者导购
  • 参考咨询
  • 我的图书馆
  • 登录
  • 详细信息显示
  • 放入我的书架
  • 预约/预借图书
  • 作者相关作品
  • 分类相关作品
  • 丛书相关作品
  • 出版社相关作品

书目信息

  • 表格格式
  • 工作单格式
  • 卡片格式
题名:
基督时代
    
 
作者: 杜兰 著 ;台北幼狮文化公司 译
分册:  
出版信息: 北京   东方出版社  2005
页数: 368页, 16页图版
开本: 23cm
丛书名: 名人与时代系列
单 册:
中图分类: K126
科图分类:
主题词: 基督--传记 , 罗马帝国--历史 , 世界史:古代史 , 奴隶制城邦
电子资源:
ISBN: 7-5060-2245-1
000 01428nam0 2200313 450
001 TS2006031568
005 20061205153348.40
010    @a7-5060-2245-1@dCNY56.80
100    @a20060829d2005 ekmy0chiy0120 ea
101 1  @achi@ceng
102    @aCN@b110000
105    @aaf z 000yy
200 1  @a基督时代@AJi Du Shi Dai@e名人与时代@EMing Ren Yu Shi Dai@dGreat man and his time@f(美)威尔·杜兰著@F( Mei ) Wei Er· Du Lan Zhu@g台北幼狮文化公司译@zeng
210    @a北京@c东方出版社@d2005
215    @a368页, 16页图版@c图 (部分彩图),肖像@d23cm
225 2  @a名人与时代系列
314    @a责任者规范汉译姓: 杜兰特
330    @a本书以明晓流畅的文笔与新颖独到的体裁,描写那个以基督命名的时代。它不是一部普通的史书,而是一部充满智慧与个人见解的生命史与思想史。作者本着努力把这部罗马史写成讲我们自己的历史,写成我们自己的奋斗史与我们未来工作的预兆,在罗马帝国与基督的战斗中,基督是最后的胜利者。基督教对君士坦丁来说,只是手段,不是目的。但毕竟他同基督教达成了联盟:基督教替代异教,成为罗马帝国的国教,且历经十四个世纪,成为欧洲生活与思想的主流。
410  0 @12001 @a名人与时代系列
510 1  @aGreat man and his time@zeng
606 0  @a基督@x传记
606 0  @a罗马帝国@x历史
606 0  @a世界史:古代史
606 0  @a奴隶制城邦
690    @aK126@v4
701  1 @a杜兰@ADu Lan@b威尔@4著
712 02 @a台北幼狮文化公司@ATai Bei You Shi Wen Hua Gong Si@4译
801  0 @aCN@b中图数据@c20061205
905    @a10447@dK126@e149
    
    基督时代:名人与时代=Great man and his time/(美)威尔·杜兰著/台北幼狮文化公司译.-北京:东方出版社,2005
    368页, 16页图版:图 (部分彩图),肖像;23cm.-(名人与时代系列)
    
    
    ISBN 7-5060-2245-1:CNY56.80
    本书以明晓流畅的文笔与新颖独到的体裁,描写那个以基督命名的时代。它不是一部普通的史书,而是一部充满智慧与个人见解的生命史与思想史。作者本着努力把这部罗马史写成讲我们自己的历史,写成我们自己的奋斗史与我们未来工作的预兆,在罗马帝国与基督的战斗中,基督是最后的胜利者。基督教对君士坦丁来说,只是手段,不是目的。但毕竟他同基督教达成了联盟:基督教替代异教,成为罗马帝国的国教,且历经十四个世纪,成为欧洲生活与思想的主流。
●
相关链接 在E读中查询图书 在五车中查询图书 在当当中查询图书 在豆瓣中查询图书


正题名:基督时代     索取号:K126/149         预约/预借

序号 登录号 条形码 馆藏地/架位号 状态 备注
1 0613761   206137615   第二样本阅览室/ [索取号:K126/149] 在馆    
2 0613762   206137624   第二借阅区/ [索取号:K126/149] 在馆    
3 0613763   206137633   第二借阅区/ [索取号:K126/149] 在馆    
4 0613764   206137642   第二借阅区/ [索取号:K126/149] 在馆    
5 0613765   206137651   第二借阅区/ [索取号:K126/149] 在馆    
唐山师范学院图书馆 欢迎您!
大连网信软件有限公司© 版权所有